Lesson in Islam (Record no. 10990)
[ view plain ]
| 000 -LEADER | |
|---|---|
| fixed length control field | 00486 a2200157 4500 |
| 020 ## - INTERNATIONAL STANDARD BOOK NUMBER | |
| International Standard Book Number | 2980087564 |
| 082 ## - DEWEY DECIMAL CLASSIFICATION NUMBER | |
| Classification number | 297.07 |
| 090 ## - LOCALLY ASSIGNED LC-TYPE CALL NUMBER (OCLC); LOCAL CALL NUMBER (RLIN) | |
| -- | 7187 |
| -- | 7187 |
| 100 ## - MAIN ENTRY--PERSONAL NAME | |
| Personal name | Kifayatullah, Mufti Muhammad |
| 245 ## - TITLE STATEMENT | |
| Title | Lesson in Islam |
| Remainder of title | Talimul Islam |
| Statement of responsibility, etc. | Kifayatullah, Mufti Muhammad |
| 260 ## - PUBLICATION, DISTRIBUTION, ETC. | |
| Place of publication, distribution, etc. | Canada |
| Name of publisher, distributor, etc. | Editions Islamiques d'Amerique |
| Date of publication, distribution, etc. | 1989 |
| 300 ## - PHYSICAL DESCRIPTION | |
| Extent | 183 p. |
| Dimensions | 22 cm. |
| 500 ## - GENERAL NOTE | |
| General note | Includes references |
| 650 ## - SUBJECT ADDED ENTRY--TOPICAL TERM | |
| Topical term or geographic name entry element | 1. Islamic and Education. 2. Islamic--Study and Teaching |
| 942 ## - ADDED ENTRY ELEMENTS (KOHA) | |
| Koha item type | Book |
| Call number prefix | 297.07 KIF |
| Withdrawn status | Lost status | Damaged status | Not for loan | Permanent Location | Current Location | Date acquired | Total Checkouts | Full call number | Barcode | Date last seen | Date last checked out | Price effective from | Koha item type |
|---|---|---|---|---|---|---|---|---|---|---|---|---|---|
| Central Library (CL) | Central Library (CL) | 06/05/2023 | 1 | 297.07 KIF | SEECSD00520 | 06/05/2023 | 10/05/2015 | 11/14/2012 | Book |
